000 01478cam a2200373 a 4500
001 4431426
003 ARRUPE
005 20140515114040.0
008 940609s1995 enkb b 001 0 eng
010 _a 94003513
020 _a0821410857 (hard)
020 _a0821410865 (pbk.)
040 _aDLC
_cDLC
_dDLC
043 _afe-----
050 0 0 _aBL65.P7
_bR43233 1995
082 0 0 _a322/.1/09676
_220
245 0 0 _aReligion & politics in East Africa :
_bthe period since independence /
_cedited by Holger Bernt Hansen & Michael Twaddle.
246 3 _aReligion and politics in East Africa.
260 _aLondon :
_bJames Curry ;
_aAthens :
_bOhio University Press,
_c1995.
300 _aix, 278 p. :
_bmap ;
_c23 cm.
490 1 _aEastern African studies
504 _aIncludes bibliographical references and index.
650 0 _aReligion and politics
_zAfrica, Eastern.
_910166
650 0 _aReligion and state
_zAfrica, Eastern.
_910167
650 0 _aChristianity
_zAfrica, Eastern
_y20th century.
_910168
650 0 _aIslam
_zAfrica, Eastern
_y20th century.
_910169
651 0 _aAfrica, Eastern
_xPolitics and government
_y1960-
_910170
700 1 _aHansen, Holger Bernt.
_910171
700 1 _aTwaddle, Michael.
_910172
830 0 _aEastern African studies (London, England)
_910173
906 _a7
_bcbc
_corignew
_d1
_eocip
_f19
_gy-gencatlg
942 _2lcc
_cMONOGRAPH
999 _c120486
_d120486